000 01325nam a2200325 i 4500
003 EG-GICUC
005 20260121101506.0
008 251215s2009 ua ||||fr|||| 000 0 ara d
040 _a EG-GICUC
_bara
_c EG-GICUC
_d EG-GICUC
_erda
041 _aara
082 0 4 _221
_a343.46
_bم ح . ج
092 0 4 _221
099 _aLaw1 10 343.46 م ح . ج 2 ed - 2009
100 0 _aمحمد عبيد الكعبي
_eمؤلف.
245 1 2 _aالجرائم الناشئة عن الاستخدام غير المشروع لشبكة الإنترنت :
_bدراسة مقارنة /
_cمحمد عبيد الكعبي.
250 _aالطبعة الثانية
264 1 _aالقاهرة :
_bدار الهضة العربية،
_c2009.
300 _a382 صفحة ؛
_c24 سم
336 _2rda content
_atext
337 _2rda media
_aComputer
338 _2rda carrier
_aOnline Resource
504 _a. 373-357ببليوجرافيا: صفحات.
546 _aالنص أغلبه باللغة العربية مع بعض النصوص الإنجليزية
650 1 4 _aالتشريعات المتعلقة بتقنية المعلومات
_2qrmak
650 1 4 _aاركان الجريمة
_2qrmak
651 1 _2qrmak
856 4 0 _uhttps://fll.law.cu.edu.eg/fulltext/bks/B10-05364.pdf
905 _a79
_eHassnaa
942 _2ddc
_cBK
_e21
_n0
999 _c50643
_d50643